000 00797cam a2200313 4500
001 B371
008 090401t1986 xxu||||| |||| 00| 0 eng d
035 _a(Sirsi) u35290
041 _aeng
050 _a338.181
100 _aWood, Derek
245 _aMilk quotas law and practice
260 _aHorsley,Glos
_bFarmgate Communications Ltd
_c1986
300 _a144p. ; 30cm.
350 _a25
650 _aCAP REFORM
650 _aCOMPENSATION
650 _aREGULATION (EEC) 1371/84
650 _aREGULATION (EEC) 804/68
650 _aREGULATION (EEC) 857/84
650 _aMILK QUOTAS
650 _aValuation
_96273
690 _aRURAL PRACTICE
700 _aPriday, Christopher
700 _aMoss, Joanne R.
700 _aCarter, David
942 _n0
948 _c04/03/1997
999 _c90086
_d90086